Malam kudus

Bibliographic Details
Main Author: Ben Jelloun, Tahar
Other Authors: Puteri Rashidah Megat Ramli (penterjemah)
Format: Book
Published: Kuala Lumpur : DBP , 1992
Subjects:

MARC

LEADER 00000cam a2200000 7i4500
001 0000005268
002 000005691
005 20000330.0
020 |a 983622839X 
090 0 0 |a F   |b BEN 
100 1 |a Ben Jelloun, Tahar 
245 1 0 |a Malam kudus   |c Tahar Ben Jelloun ; penterjemah Puteri Rashidah Megat Ramli 
260 |a Kuala Lumpur :   |b DBP ,   |c 1992 
300 |a 250 p. ;   |c 18 cm. 
650 0 0 |a French fiction   |x Translations into Malay 
700 1 |a Puteri Rashidah Megat Ramli ,   |e penterjemah 
999 |a 037704   |b BUKU   |c PINJAMAN   |e PERPUSTAKAAN KOMUNITI PETALING JAYA 
999 |a 037705   |b BUKU   |c PINJAMAN   |e PERPUSTAKAAN KOMUNITI PETALING JAYA